[Event "WIECC 2009"]
[Site "St. Petersburg RUS"]
[Date "2009.03.19"]
[Round "11.42"]
[White "Ambartsumova, Karina"]
[Black "Kadziolka, Beata"]
[Result "1-0"]
[WhiteElo "2227"]
[BlackElo "2295"]
[PlyCount "135"]
[EventDate "2009.??.??"]

1. e4 c5 2. Nf3 d6 3. d4 Nf6 4. Nc3 cxd4 5. Nxd4 a6 6. Be3 e5 7. Nf3 Qc7 8. a4
Be7 9. a5 O-O 10. Be2 Nbd7 11. O-O Nc5 12. Nd5 Nxd5 13. exd5 Bg4 14. c4 f5 15.
Nd2 Bxe2 16. Qxe2 Bf6 17. b4 Nd7 18. Nb3 f4 19. Bd2 e4 20. Rac1 f3 21. Qxe4
fxg2 22. Rfe1 Rae8 23. Qxe8 Rxe8 24. Rxe8+ Kf7 25. Re4 Ne5 26. Kxg2 Qd7 27. Nd4
Qa4 28. Nf5 Qd7 29. Nxd6+ Qxd6 30. Bf4 Qd7 31. Bxe5 Qf5 32. Rce1 Bxe5 33. Rxe5
Qg4+ 34. Kh1 Qf3+ 35. Kg1 Qg4+ 36. Kf1 Qxc4+ 37. R1e2 Qxb4 38. R2e4 Qxa5 39.
Re7+ Kf6 40. R4e6+ Kf5 41. Rf7+ Kg5 42. Rxg7+ Kf4 43. Rf7+ Kg5 44. Rfe7 Qb5+
45. Kg1 Qb1+ 46. Kg2 Qd1 47. Rg7+ Kh5 48. Rxh7+ Kg5 49. h4+ Kf5 50. Rf7+ Kg4
51. Re4+ Kh5 52. Rf5+ Kg6 53. Rg5+ Kf7 54. h5 Kf6 55. Reg4 Qc2 56. h6 Qh7 57.
Rg6+ Ke5 58. d6 a5 59. R4g5+ Kd4 60. Re6 Qd7 61. Rf6 a4 62. Rg7 Qc6+ 63. Kh2 a3
64. h7 Qe8 65. d7 Qe5+ 66. Kg1 Qe1+ 67. Kg2 Qe4+ 68. Rf3 1-0